|
|
|
|
| LEADER |
00000nab a2200000 a 4500 |
| 001 |
vtls000593635 |
| 003 |
SK-MaSNL |
| 005 |
20260303185055.0 |
| 008 |
140422c1996 xo 0 slo |
| 015 |
|
|
|a SNBRB19rr/mm-uuuuu
|
| 035 |
|
|
|a CL0593774
|
| 040 |
|
|
|a SNKBUCL
|b slo
|c SNKBUCL
|e AACR2
|
| 041 |
0 |
|
|a slo
|
| 044 |
|
|
|a xo
|c SK
|
| 080 |
|
|
|a 82.0
|2 1981
|
| 080 |
|
|
|a 82.033:885.4-3(048)
|2 1981
|
| 080 |
|
|
|a 885.4-3.033
|2 1981
|
| 080 |
|
|
|a 82.0:82-1/-9(048)
|2 1981
|
| 100 |
1 |
|
|a Červeňák, Andrej,
|d 1932-2012
|4 aut
|9 153402
|
| 245 |
1 |
0 |
|a Vedecká inventúra, revízia a modelovanie
|c Andrej Červeňák
|
| 300 |
|
|
|b Fotogr. 2
|
| 650 |
0 |
7 |
|a text prozaický
|2 snkbucl
|9 1136920
|
| 655 |
|
7 |
|a články z novín a časopisov
|2 snkbucl
|9 267496
|
| 655 |
|
7 |
|a články z odboru literárna veda a krásna literatúra
|2 snkbucl
|9 770045
|
| 700 |
1 |
|
|a Rakús, Stanislav,
|d 1940-
|4 aut
|9 102105
|
| 773 |
0 |
|
|t Literárny týždenník
|g Roč. 9, č. 24 (1996), s. 13
|x 0862-5999
|
| 787 |
0 |
8 |
|i Rec.:
|a Rakús, Stanislav
|t Poetika prozaického textu
|d Bratislava : Slovenský spisovateľ, 1995
|
| 850 |
|
|
|a Slovenská národná knižnica v Martine
|a MTA001
|
| 852 |
|
|
|a SNK
|b KIS3GCP
|
| 958 |
|
|
|a RK
|
| 958 |
|
|
|a LX
|
| 999 |
|
|
|c 2129593
|d 2131523
|